| 000 | 00668nam a22002057a 4500 | ||
|---|---|---|---|
| 003 | OSt | ||
| 005 | 20251030065017.0 | ||
| 008 | 251030b |||||||| |||| 00| 0 eng d | ||
| 020 | _a978-621-04-0125-7 | ||
| 040 |
_aDWCL - Main Lib _cOC |
||
| 082 |
_21st _aProf. 371.1 T153e 2019 |
||
| 100 | _aTamayo, Antonio I., Ph.D. | ||
| 245 |
_aEmbracing the Teaching Profession / _cAntonio I. Tamayo, Ph.D. |
||
| 250 | _a1st | ||
| 260 |
_aManila, Philippines ; _bRex Book Store, Inc., _cc2019. |
||
| 300 |
_axxiv , 322 pages ; _c25 cm. |
||
| 504 | _aIncludes bibliographical references and index. | ||
| 650 | _a1. Teacher - Profession | ||
| 942 |
_2ddc _cPROF. _e1st _mProf. _n0 |
||
| 999 |
_c5347 _d5347 |
||